00815nam a2200265 a 450000100060000000300090000600500170001500600090003200800410004101500120008201700510009402000180014503500210016304000280018408000130021208200130022510000400023824501120027826000390039030000170042933600310044633700300047749000160050765000260052326120CO-ViMGA20230915232147.0a5238237141112s2004 ck r 000 u spa d aMON1207 aM 16618 - 2012 Oficina Depósito Legal Madrid a9788478845316 a(OCoLC)795157117 aCO-ViMGAbspacCO-ViMGA a17.021.204a170 M17p1 aMartínez Reguera, Enrique 1935 - 10aEsa persona que somos : bdesde la filosofía, la ética y la política / cEnrique Martínez - Reguera aMadrid Editorial Popular D.L. 2012 a135 p. 22 cm aTexto (visual) isbdcontent asin mediación isbdmedia aQuilombo 1414aPersona (Filosofía)